Pays par deux premières lettres - Statistiques

Statistiques générales
  • Ce quiz a été pris 8 319 fois
  • Le résultat moyen est 166 sur 196
Réponses sur la Carte
Les réponses sont colorées sur une échelle allant du rouge au vert en fonction du pourcentage des utilisateurs qui les ont devinées à leur premier essai. Vous pouvez retrouver ces pourcentages ci-dessous.
 
Statistiques - réponses
Pays % Correct
Albanie
98%
Algérie
98%
Allemagne
98%
France
98%
Australie
97%
Autriche
97%
Cambodge
97%
Cameroun
97%
Canada
97%
Cap-Vert
97%
Espagne
97%
Estonie
97%
Eswatini
97%
Etats-Unis
97%
Éthiopie
97%
Île Maurice
97%
Macédoine du Nord
97%
Madagascar
97%
Malaisie
97%
Malawi
97%
Maldives
97%
Mali
97%
Malte
97%
Maroc
97%
Mauritanie
97%
Pologne
97%
Portugal
97%
République démocratique du Congo
97%
République du Congo
97%
Russie
97%
Arabie Saoudite
96%
Argentine
96%
Arménie
96%
Chili
96%
Chine
96%
Chypre
96%
Afghanistan
95%
Afrique du Sud
95%
Brésil
95%
Brunei
95%
Colombie
95%
Comores
95%
Corée du Nord
95%
Corée du Sud
95%
Costa Rica
95%
Côte d'Ivoire
95%
Mexique
95%
Pakistan
95%
Palaos
95%
Panama
95%
Papouasie-Nouvelle- Guinée
95%
Paraguay
95%
Pays-Bas
95%
Suède
95%
Suisse
95%
Suriname
95%
Italie
94%
Norvège
94%
Nouvelle-Zélande
94%
Roumanie
94%
Royaume-Uni
94%
Belgique
93%
Belize
93%
Bénin
93%
Fidji
93%
Finlande
93%
Inde
93%
Indonésie
93%
Irak
93%
Iran
93%
Irlande
93%
Jamaïque
93%
Japon
93%
Liban
93%
Liberia
93%
Libye
93%
Liechtenstein
93%
Lituanie
93%
Moldavie
93%
Monaco
93%
Mongolie
93%
Monténégro
93%
Mozambique
93%
Tunisie
93%
Turkménistan
93%
Turquie
93%
Tuvalu
93%
Danemark
92%
Islande
91%
Israël
91%
Andorre
89%
Angola
89%
Antigua-et-Barbuda
89%
Bolivie
89%
Bosnie-Herzégovine
89%
Botswana
89%
Grèce
89%
Grenade
89%
République Centrafricaine
89%
Birmanie
88%
Biélorussie
87%
Égypte
87%
Lesotho
87%
Lettonie
87%
Guatemala
86%
Guinée
86%
Guinée-Bissau
86%
Guinée équatoriale
86%
Guyana
86%
Ukraine
86%
Pérou
85%
Sénégal
85%
Serbie
85%
Seychelles
85%
République dominicaine
84%
République tchèque
84%
Bulgarie
83%
Burkina Faso
83%
Burundi
83%
Honduras
83%
Hongrie
83%
Somalie
83%
Soudan
83%
Soudan du Sud
83%
Kazakhstan
82%
Saint-Christophe- et-Niévès
82%
Sainte-Lucie
82%
Saint-Marin
82%
Saint-Vincent-et-les- Grenadines
82%
Salomon
82%
Salvador
82%
Samoa
82%
Sao Tomé-et-Principe
82%
Bahamas
81%
Bahreïn
81%
Bangladesh
81%
Barbade
81%
Cuba
81%
Nicaragua
80%
Niger
80%
Nigeria
80%
Tadjikistan
80%
Taïwan
80%
Tanzanie
80%
Venezuela
80%
Uruguay
79%
Croatie
77%
Laos
76%
Kosovo
75%
Koweït
75%
Ouganda
75%
Ouzbékistan
75%
Viêt Nam
75%
Slovaquie
74%
Slovénie
74%
Équateur
73%
Népal
73%
Yémen
73%
Namibie
72%
Nauru
72%
Luxembourg
71%
Sierra Leone
71%
Singapour
71%
Thaïlande
71%
Togo
71%
Tonga
71%
Vanuatu
71%
Vatican
71%
Azerbaïdjan
70%
Kirghizistan
69%
Kiribati
69%
Qatar
69%
Zambie
69%
Émirats arabes unis
68%
Haïti
68%
Jordanie
68%
Zimbabwe
68%
Gabon
66%
Gambie
66%
Oman
66%
Tchad
66%
Géorgie
65%
Philippines
65%
Kenya
64%
Syrie
64%
Érythrée
63%
Sri Lanka
63%
Micronésie
59%
Timor oriental
56%
Ghana
55%
Bhoutan
54%
Dominique
53%
Rwanda
51%
Djibouti
50%
Trinité-et-Tobago
44%
Îles Marshall
37%
Aucun quiz correspondant
Distribution des résultats
% des personnes avec chaque résultat
Percentile par nombre de réponses
Votre historique - résultats
Vous n’avez pas pris ce quiz